000 01071nam a2200265 i 4500
001 bg
100 1 _aSUDOŁ, Adam
_d(1947- )
245 1 0 _aKarol Poznański :
_bostatni konsul generalny II Rzeczypospolitej : zarys ważniejszych dokonań /
_cAdam Sudoł.
260 _aBydgoszcz :
_bWydaw. Uczelniane WSP [Wyższej Szkoły Pedagogicznej],
_c1998
_e(Bydg. :
_fWSP).
300 _a386, [4] s., [60] s. tabl. (w tym kolor.) :
_bfaks., fot., portr. ;
_c24 cm.
500 _aW aneksie dokumenty z archiwum Poznańskich. - Na s. tyt. miejsce wyd.: Bydgoszcz - Toruń.
504 _aBibliogr. s. 207-222. - Indeks.
600 1 9 _aPoznański, Karol (1893-1971)
_xbiografie
650 9 _aDyplomacja
_xbiografie
_zPolska
_y20 w.
650 9 _aKonsulaty
_xhistoria
_zPolska
_y20 w.
651 9 _aPolska
_xemigracja
_xpolityka
_y20 w.
651 9 _aPolska
_xpolityka
_y1918-1939 r.
020 _a8370962564
040 _cBPK
041 0 _apl
080 _a94(438).07/.083:327:929-052A/Z]"19"
920 _a83-7096-256-4
942 _cKS
008 s pl f |000 0 pol
999 _c40406
_d40406
856 _uhttp://koha.tu.koszalin.pl/cgi-bin/koha/opac-detail.pl?biblionumber=40406
_yKatalog online BPK